000 00635nam a22001697a 4500
999 _c16040
_d16040
003 AR-CdUCM
008 190430b ||||| |||| 00| 0 spa d
040 _aMUNICIPALIDAD PROVINCIAL DEL CUSCO
_cBIBLIOTECA MUNICIPAL DEL CUSCO
082 _aC / 374.985 /
_bC28
100 _aCsanova Barrios, Oscar
_935321
245 _aManual de procedimientos administrativos de la quinta región de educación /
260 _aCusco :
_bPantigozo,
_c1965.
300 _a111 páginas ;
_c28 cm.
505 _aReconocimiento de servicios oficiales -- Ampliación de reconocimiento Indemnización a empleados ...
942 _2ddc
_cLIBROS
945 _awfj